| 000 | 00723nam a22002057a 4500 | ||
|---|---|---|---|
| 003 | OSt | ||
| 005 | 20251126114637.0 | ||
| 008 | 251126b |||||||| |||| 00| 0 eng d | ||
| 020 | _a978-1--62-0182-4 | ||
| 040 |
_aDWC-Main lib. _cOC |
||
| 082 | _aCirc. 331.702 S539m 2012 | ||
| 100 | _aSheward, Steve | ||
| 245 |
_aMotivational career counseling and coaching : _bcognitive and behavioral approaches/ _cSteve Sheward |
||
| 260 |
_aLos Angeles, CA : _bSAGE Publications, _cc2012. |
||
| 300 |
_axiii, 206 pages : _billustrations ; _c24 cm. |
||
| 504 | _aIncludes bibligraphical references. | ||
| 650 | _a1. Vocational guidance. | ||
| 650 | _a2. Cognitive therapy. I. Branch, Rhena. | ||
| 942 |
_2ddc _cBK-CIRC _kCirc. _n0 |
||
| 999 |
_c6388 _d6388 |
||